000 01074nam a2200277 i 4500
001 bg
245 0 0 _aOlej z nasion wiesiołka i inne oleje zawierające kwasy tłuszczowe n-6 lub n-3 w profilaktyce i terapii :
_bzbiór prac [III] sympozjum, Sulejów 15-16 maja 1998 Hotel "Przyklasztorze" /
_cred. nauk. Andrzej Stołyhwo ; org. Wydział Chemiczny Politechniki Gdańskiej [et al.].
250 _aWyd. 2 uzup. o zapis dyskusji.
260 _aWarszawa :
_b"Agropharm",
_c1998.
300 _a321 s. :
_brys. ,wykr. ;
_c30 cm.
500 _aStreszcz. ang. i pol.
504 _aBibliogr. przy ref.
650 9 _aOleje roślinne
_xstosowanie
_xmedycyna
650 9 _aWiesiołek
_xstosowanie
_xmedycyna
650 9 _aKwasy tłuszczowe
655 _aMateriały konferencyjne
700 1 _aSTOŁYHWO, Andrzej.
_eRed.
710 0 _aPolitechnika Gdańska
_bWydział Chemiczny
020 _a839005399#
040 _cBPK
041 0 _apl
_ben
080 _a615.322:633.88:582.8](061)
920 _a83-900539-9-#
942 _cKS
008 s pl f |000 0 pol
999 _c39274
_d39274
856 _uhttp://koha.tu.koszalin.pl/cgi-bin/koha/opac-detail.pl?biblionumber=39274
_yKatalog online BPK